El magisterio de la Iglesia : (Record no. 76722)

MARC details
000 -LEADER
campo de control de longitud fija 00964nam a2200217 i 4500
001 - NÚMERO DE CONTROL
campo de control 76722
003 - IDENTIFICADOR DE NÚMERO DE CONTROL
campo de control ES-MaACL
005 - FECHA Y HORA DE LA ÚLTIMA TRANSACCIÓN
campo de control 20250831071241.0
007 - CAMPO FIJO DE DESCRIPCIÓN FÍSICA--INFORMACIÓN GENERAL
campo de control de longitud fija t|
008 - DATOS DE LONGITUD FIJA--INFORMACIÓN GENERAL
campo de control de longitud fija 041005s1904 sp ||||1| spa d
110 2# - ENTRADA PRINCIPAL--NOMBRE DE ENTIDAD CORPORATIVA
Nombre de entidad corporativa o nombre de jurisdicción como elemento de entrada Madrid-Alcalá (Diócesis).
Unidad subordinada Obispo (1901-1905: Victoriano Guisasola y Menéndez)
9 (RLIN) 157834
245 13 - MENCIÓN DEL TÍTULO
Título El magisterio de la Iglesia :
Resto del título carta pastoral del Excmo. y Rvmo. Sr. Dr. D. Victoriano Guisasola y Menéndez, Obispo de Madrid-Alcalá al clero y fieles de su diócesis con motivo de la Santa Cuaresma de 1904.
260 ## - PUBLICACIÓN, DISTRIBUCIÓN, ETC.
Lugar de publicación, distribución, etc. Madrid :
Nombre del editor, distribuidor, etc. Asilo de Huérfanos,
Fecha de publicación, distribución, etc. 1904.
300 ## - DESCRIPCIÓN FÍSICA
Extensión 61 p. ;
Dimensiones 24 cm.
530 ## - NOTA DISPONIBLE DE FORMULARIO FÍSICO ADICIONAL
Nota de formato físico adicional disponible Disponible en formato digital.
610 27 - PUNTO DE ACCESO ADICIONAL DE MATERIA--NOMBRE DE ENTIDAD CORPORATIVA
Nombre de entidad corporativa o nombre de jurisdicción como elemento de entrada Iglesia Católica-
Subdivisión general Magisterio
Fuente del encabezamiento o término
9 (RLIN) 157841
700 1# - ENTRADA AGREGADA--NOMBRE PERSONAL
Nombre de persona Guisasola y Menéndez, Victoriano,
Fechas asociadas al nombre 1852-1920
9 (RLIN) 60900
852 ## - LOCALIZACIÓN
Ubicación ES-MaACL
Número de control de estantería T-1026-F-4
856 ## - LOCALIZACIÓN Y ACCESO ELECTRÓNICOS
Identificador Uniforme de Recursos <a href="http://bdh-rd.bne.es/viewer.vm?id=0000132907&page=1 ">http://bdh-rd.bne.es/viewer.vm?id=0000132907&page=1 </a>
Nota pública Biblioteca Digital Hispánica
Holdings
Estatus retirado Estado de pérdida Estado de daño No para préstamo Colección Biblioteca de origen Biblioteca actual Ubicación en estantería Fecha de adquisición Fuente de adquisición Total de préstamos Signatura topográfica completa Código de barras Visto por última vez Precio de reemplazo Tipo de ítem Koha
        Colección de folletos Biblioteca del Ateneo de Madrid Biblioteca del Ateneo de Madrid Depósito folletos 17/01/2008     T-1026-F-4 1080279 23/02/2023 23/02/2023 Folleto